Wagner et le recul du temps
Saved in:
| Hovedforfatter: | |
|---|---|
| Format: | Bog |
| Sprog: | fransk |
| Udgivet: |
París
Albin Michel
1924
|
| Fag: | |
| Tags: |
Tilføj Tag
Ingen Tags, Vær først til at tagge denne postø!
|
MARC
| LEADER | 00000nam a2200000 a 4500 | ||
|---|---|---|---|
| 001 | UCN2403 | ||
| 003 | CL-VaPUC | ||
| 008 | 010518e19240000FR |||||||||||||||||fre|d | ||
| 082 | 0 | 4 | |a 780.92 |b BAR |2 21 |
| 100 | 0 | |a Bartholoni, Jean |e author |9 458223 | |
| 245 | 1 | 0 | |a Wagner et le recul du temps |
| 300 | |a 250 p | ||
| 942 | |c BK | ||
| 945 | |d 20010518 00:00:00 |a crobeson | ||
| 260 | |a París |b Albin Michel |c 1924 | ||
| 600 | 0 | |a Wagner, Wilhelm Richard |9 265759 | |
| 650 | 0 | |a Compositores alemanes |9 324765 | |
| 650 | 0 | |a Ópera alemana |9 306436 | |
| 650 | 0 | |a Romanticismo en la música |9 306753 | |
| 650 | 7 | |a MUSICA SIGLO 19 |2 CL-VaPUC |9 458224 | |
| 583 | |a last modification |c 20010518 00:00:00 |k Rodrigo Vera | ||
| 999 | |c 295505 |d 295503 | ||
| 952 | |0 0 |1 0 |4 0 |6 780_920000000000000_BAR_1924 |7 0 |8 A |9 348734 |a BIBEDU |b BIBEDU |d 2019-11-20 |i 1183222 |o 780.92 BAR 1924 |p 1183222 |r 2023-01-12 |w 2019-11-20 |y BK |k MUS | ||